000 00476nam a2200169Ia 4500
005 20250923145845.0
008 008 250917s9999 xx 000 0 eng d
037 _aTextual
040 _aDSWL
_beng
_cDSWL
041 _aeng
_2eng
084 _aY:45n2,N53, N87
_qDSWL
245 0 _aCrime in India, 1987
260 _aNew Delhi
_b National Crime Records Bureau
_c1987
300 _avii,159p.
942 _cTEXL
_hY:45n2,N53, N87
999 _c1456557
_d1456557